| 000 | nam a22 7a 4500 | ||
|---|---|---|---|
| 999 |
_c232855 _d232855 |
||
| 003 | Nust | ||
| 005 | 20170224094814.0 | ||
| 008 | 170224b xxu||||| |||| 00| 0 eng d | ||
| 040 | _c0 | ||
| 050 | _a363.7 RAT | ||
| 082 | _a363.7 RAT | ||
| 100 | _aRathor,Anam Shabbir | ||
| 245 |
_aBiodegradation Of Polycyclic Aromatic Hydrocarbons Using Indigenous Soil Microorganisms _cAnam Shabbir Rathor |
||
| 260 |
_aIslamabad _bIESE (SCEE) NUST _c2012. |
||
| 300 |
_a55 p. _bHB. |
||
| 440 | _aMS Environmental Science | ||
| 500 | _aThesis MS ES | ||
| 650 | _aEnvironmental Science | ||
| 700 | _4Dr. Imran Hashmi (Supervisor) | ||
| 942 |
_2ddc _cTHE _kIESE |
||